Toàn cầu hóa những vấn đề lý luận và thực tiễn

Enregistré dans:
Détails bibliographiques
Auteur principal: Lê, Hữu Nghĩa
Format: Livre
Langue:Undetermined
Publié: Hà Nội Chính trị Quốc gia 2004
Sujets:
Tags: Ajouter un tag
Pas de tags, Soyez le premier à ajouter un tag!
Thư viện lưu trữ: Trung tâm Học liệu Trường Đại học Cần Thơ
LEADER 00670nam a2200205Ia 4500
001 CTU_90826
008 210402s9999 xx 000 0 und d
082 |a 330.9 
082 |b Ngh301 
100 |a Lê, Hữu Nghĩa 
245 0 |a Toàn cầu hóa những vấn đề lý luận và thực tiễn 
245 0 |c Lê Hữu Nghĩa, Lê Ngọc Tòng chủ biên 
260 |a Hà Nội 
260 |b Chính trị Quốc gia 
260 |c 2004 
650 |a Vietnam,Economic development 
650 |x Economic 
650 |z Vietnam 
904 |i Tuyến (Nguyên sửa) 
980 |a Trung tâm Học liệu Trường Đại học Cần Thơ